Every NFL Player to Have a 100 Yard Rushing Game 2024-2025 - Statistics

General Stats
  • This quiz has been taken 526 times
  • The average score is 31 of 38
Answer Stats
Team Week Player % Correct
Eagles 1,3,7,8,9,11,12,13,14,16,17 Saquon Barkley
100%
Ravens 3,4,6,7,9,12,16,17,18 Derrick Henry
99%
Falcons 7,10,13,15,18 Bijan Robinson
95%
Texans 1,6,7,8,9,11,13 Joe Mixon
95%
Saints 2,9,13 Alvin Kamara
94%
Commanders 2,4,13 Brian Robinson
94%
Lions 7,8,16,17,18 Jahmyr Gibbs
94%
Colts 2,3,8,10,15,16,17,18 Jonathan Taylor
94%
Lions 3 David Montgomery
93%
Packers 2,8,12 Josh Jacobs
93%
Ravens 1 Lamar Jackson
92%
49ers 18 Patrick Taylor
92%
Vikings 3,12 Aaron Jones
91%
Bills 8,13,15,16 James Cook
91%
Seahawks 1 Kenneth Walker
90%
Rams 5,13,15,16 Kyren Williams
90%
Panthers 3,4,10,16 Chuba Hubbard
88%
Cardinals 2,4,7,9,15,16 James Conner
88%
Steelers 6,7,8 Najee Harris
88%
Patriots 1 Rhamondre Stevenson
87%
Dolphins 16,18 De'Von Achane
86%
Titans 9,12,14 Tony Pollard
86%
Jets 6 Breece Hall
85%
Bears 8 D'Andre Swift
84%
Chargers 1,2 J.K. Dobbins
84%
Bengals 9 Chase Brown
82%
Chiefs 5,9 Kareem Hunt
75%
Giants 5,8,10 Tyrone Tracy
75%
49ers 1,2,4 Jordan Mason
73%
Seahawks 14 Zach Charbonnet
73%
Cowboys 13,14,15,17 Rico Dowdle
70%
Jaguars 5,7 Tank Bigsby
66%
Commanders 17 Jayden Daniels
58%
Falcons 6 Tyler Allgeier
56%
Saints 11 Taysom Hill
55%
Texans 18 Dameon Pierce
47%
Raiders 17 Ameer Abdullah
37%
Buccaneers 6 Sean Tucker
35%
No matching quizzes found
Score Distribution
Percent of People with Each Score
Percentile by Number Answered
Your Score History
You have not taken this quiz